=LDR 00000nam 2200000 4500 =001 INLIS000000000055432 =005 20200418032733 =035 ##$$a 0010-0420000111 =007 ta =008 200418###########################0#ind## =020 ##$$a 978-623-90534-1-3 =082 ##$$a 899.221 3 =084 ##$$a 899.221 3 Nur l =245 1#$$a Loveliest misfortune /$c Nurul Izzati =250 ##$$a cet 1 =300 ##$$a 332 halaman : $b Ilustrasi ; $c 21 Cm. =650 #4$$a Fiksi Indonesia =700 #$$a Penyunting ; Wardah cantik =264 ##$$a Depok :$b Reynara,$c 2019 =336 ##$$a Teks$2 rdacontent =337 ##$$a lain-lain$2 rdamedia =338 ##$$a lain-lain$2 rdacarrier =990 ##$$a 25682568 =990 ##$$a 25682568 =990 ##$$a 12571257 =990 ##$$a 12571257